České podsvětí Josefa Klímy /
Kdo jiný by měl vyprávět o zločinech 90. let než Josef Klíma? Legenda investigativní novinařiny se vrací k podcastu České podsvětí a popisuje zásadní kauzy z 90. let: navštívíte s ním Discoland Ivana Jonáka, nahlédnete pod pokličku ruskojazyčných mafií, připomenete si řádění Ivana Roubala či Orlický...
Uloženo v:
| Hlavní autor: | |
|---|---|
| Médium: | E-kniha |
| Jazyk: | Czech |
| Vydáno: |
Praha :
Albatros Media a.s.,
2023
|
| Tagy: |
Žádné tagy |
| LEADER | 01508nam a22002297i 4500 | ||
|---|---|---|---|
| 001 | 312159 | ||
| 007 | ta | ||
| 008 | 260601s2023 xr ||||| |||| 00| 0 cze d | ||
| 020 | |a 9788026450009 | ||
| 044 | |a xr | ||
| 100 | 1 | |a Klíma, Josef |4 aut | |
| 245 | 1 | 0 | |a České podsvětí Josefa Klímy / |c Klíma, Josef |
| 264 | 1 | |a Praha : |b Albatros Media a.s., |c 2023 | |
| 300 | |a 1 online zdroj (224 stran) | ||
| 336 | |a text |b txt |2 rdacontent | ||
| 337 | |a bez média |b n |2 rdamedia | ||
| 338 | |a online zdroj |b cr |2 rdacarrier | ||
| 520 | 2 | |a Kdo jiný by měl vyprávět o zločinech 90. let než Josef Klíma? Legenda investigativní novinařiny se vrací k podcastu České podsvětí a popisuje zásadní kauzy z 90. let: navštívíte s ním Discoland Ivana Jonáka, nahlédnete pod pokličku ruskojazyčných mafií, připomenete si řádění Ivana Roubala či Orlických vrahů a posvítíte si na Radovana Krejčíře i Františka Mrázka. Josef Klíma původní materiál podcastů prohloubil, rozšířil o výpovědi vyšetřovatelů a doplnil obrazovou přílohou. | |
| 910 | |a RBIT002 | ||
| 998 | |d 390164 |a https://core.palmknihy.cz/api/books/390164/cover?si9zfu |b https://core.palmknihy.cz/api/books/390164/cover/400?si9zfu |c https://core.palmknihy.cz/api/books/390164/cover/50?si9zfu |e 2033-12-31 |g 224 |i 9788026450009 |j https://core.palmknihy.cz/api/books/390164/preview.epub |k https://core.palmknihy.cz/api/books/390164/preview.pdf |l |q 49 |r 1 |s https://www.palmknihy.cz/kniha/390164 |t ebook |y 2023 |z 1 | ||
| 999 | |d 312157 | ||